000 00851nam a2200253 a 4500
001 000025655
005 20200930023940.0
008 110218s1986 ag r 000 0 spa d
020 _a9509432628
040 _aDO-SdBNP
_bspa
_cBNPHU
041 1 7 _aspa
_heng
_2Código de idiomas MARC
082 _ann*
_bnn*
100 1 _aRossiter, Clinton.
_951310
240 1 0 _aConservatism in America.
_lEspañol
245 1 3 _aLa teoria política del conservadorismo norteamericana /
_cClinton Rossiter ; prefacio de George F. Will.
260 _aBuenos Aires :
_bGrupo Editor Latinoamericano,
_c1986.
300 _a281 p. ;
_c23 cm.
490 1 _aTemas
534 _aTítulo del original en inglés :
_tConservatism in America
504 _aBibliografía : 265-279 p.
700 1 _aWill, George F.,
_epról.
_951311
830 0 _aTemas
_99064
049 _aBNGR
999 _c25147
_d25147